000 00656nam a22002297a 4500
003 UA-OsUOA
001 79992
007 ta
008 20111125b un ||||| |||| 00| 0 ukr d
100 _aСент-Экзюпери А.
090 _a821.161.1
_bС31
942 _cBK
040 _aUA-OsUOA
_brus
_cUA-OsUOA
_dUA-OsUOA
245 _aПланета людей. Военный летчик. Письмо заложнику
300 _a366 с.
955 _a3
041 _arus
080 _a821.161.1
260 _aМ.
_bХудож. лит.
_c1977
650 7 _a82 Література. Літературознавство
_2UDC
999 _c366309
_d366309